00457nam a2200169Ia 4500008004100000020002300041082001600064100002300080245006000103245002500163250001600188260002200204300000800226650002200234942001200256999001900268240822s9999 xx 000 0 und d a9789350026663qpbk a330.15bPRA aPradhan, H. Prasad 0aGandhi, Marx and India: An Alternative Path of Progress 0c/ Pradhan, H. Prasad a1st edition bAakar Booksc2000 a144 aPolitical Science cENGLISH c533413d533413